Neravnovesieto na potrebitelskija pazar - ocenka na nezadovolenoto platežnosposobno tarsenie.
Analýza niektorých teoreticko-praktických problémov spojených s kvantitatívnym hodnotením nerovnováhy na spotrebiteľskom trhu. Prístupy použité pri skúmaní príčin a mechanizmu neuspokojeného dopytu umožňujú určiť modifikované správanie spotrebiteľov v podmienkach deficitu. Využitie inštrumentária ne...
Gespeichert in:
| 1. Verfasser: | |
|---|---|
| Format: | Buchkapitel |
| Sprache: | Bulgarisch |
| Schlagworte: | |
| Tags: |
Keine Tags, Fügen Sie das erste Tag hinzu!
|
MARC
| LEADER | 00000naa a2200000 4500 | ||
|---|---|---|---|
| 001 | r003012 | ||
| 005 | 20220819194335.1 | ||
| 041 | 0 | |a bul | |
| 044 | |a BG | ||
| 245 | 1 | 0 | |a Neravnovesieto na potrebitelskija pazar - ocenka na nezadovolenoto platežnosposobno tarsenie. |c V. Canov |
| 520 | |a Analýza niektorých teoreticko-praktických problémov spojených s kvantitatívnym hodnotením nerovnováhy na spotrebiteľskom trhu. Prístupy použité pri skúmaní príčin a mechanizmu neuspokojeného dopytu umožňujú určiť modifikované správanie spotrebiteľov v podmienkach deficitu. Využitie inštrumentária nerovnovážnych ekonometrických modelov. Určenie dynamiky a tendencií v rozvoji disproporcií na trhu. | ||
| 610 | 2 | 0 | |a trh |
| 610 | 2 | 0 | |a rovnováha trhová |
| 610 | 2 | 0 | |a dopyt |
| 610 | 2 | 0 | |a spotrebitelia |
| 610 | 2 | 0 | |a modely ekonometrické |
| 610 | 2 | 0 | |a regulácia trhu |
| 610 | 2 | 0 | |a BR |
| 100 | 1 | |a Canov, V. | |